Guess the 1960s song lyrics #233 - Statistics

General Stats
  • This quiz has been taken 10 times
  • The average score is 166 of 198
Answer Stats
Answer % Correct
can
100%
He
100%
I
100%
just
100%
love
100%
me
100%
my
100%
so
100%
that
100%
the
100%
to
100%
yeah
100%
you
100%
and
89%
baby
89%
be
89%
for
89%
Good
89%
good
89%
is
89%
it's
89%
lovin
89%
need
89%
on
89%
tell
89%
want
89%
was
89%
what
89%
your
89%
all
78%
asked
78%
come
78%
Don't
78%
in
78%
One
78%
sure
78%
three
78%
two
78%
Yes
78%
Young Rascals
78%
ailin
67%
bad
67%
doctor
67%
Doctor
67%
feelin
67%
got
67%
had
67%
MD
67%
Mr.
67%
night
67%
please
67%
really
67%
right
67%
said
67%
what's
67%
cure
56%
family
56%
fever
56%
Honey
56%
Now
56%
now
56%
squeeze
56%
tight
56%
at
44%
Everybody
44%
gimme
44%
late
44%
mornin
44%
early
33%
indeed
33%
No matching quizzes found
Score Distribution
Percent of People with Each Score
Percentile by Number Answered
Your Score History
You have not taken this quiz